Public Chinese Holidays - Statistics

General Stats
  • This quiz has been taken 53 times
  • The average score is 5 of 7
Answer Stats
Hint Answer % Correct
January 1st New Year
100%
1st day of 1st lunar month Chinese New Year
90%
15th day of 8th lunar month Mid Autumn Festival
60%
May 1st Labour Day
55%
5th day of 5th lunar month Dragon Boat Festival
53%
October 1st National Day
53%
5th solar term Qingming festival
40%
No matching quizzes found
Score Distribution
Percent of People with Each Score
Percentile by Number Answered
Your Score History
You have not taken this quiz